1210 1773 1699 1135 1053 1297 1334 1977 1651 1832 1772 1024 1875 1999 1801 1016 1129 1757 1128 1539 1947 1855 1225 1380 1852 1632 1951 1536 1863 1987 1110 1674 1793 1068 1321 1102 1443 1549 1787 1544 1140 1261 1832 1917 1333 1357 1907 1683 1461 1620 1357 1050 1679 1468 1529 1104 1187 1761 1163 1714 1581 1939 1101 1186 1372 1345 1528 1530 1996 1673 1009 1194 1142 1216 1634 1802 2000 1702 1362 1664 1695 1464 1405 1430 1993 1926 1880 1198 1076 1328 1344 1925 1871 1446 1516 1968 1118 1434 1426 BCNSPRNW ULIB Ver.6.0+V

เปลี่ยนเป็นภาษาไทย

Change to English
 แสดงรายละเอียดบรรณานุกรม
  กลับหน้าหลัก

Brief Record : Get Marc (ISO 2709) : E-mail record : QR code < ปิดหน้าต่าง
LEADER : 00000nam 2200000uu 4500
001    13399112152
003     ULIB
008    110627s2553||||th 000 0 tha d
020    9786165000512
090    นว.^bก832ม 2553
100 0  เก้าแต้ม
245 00 มายาร้อยใจ/^cเก้าแต้ม
250    พิมพ์ครั้งที่ 2
260    กรุงเทพฯ :^bพิมพ์คำ,^c2553
300    413 หน้า
710 1  พิมพ์คำ
945    ^p260^l0^i028051
995    ทศพร
999 ^a ใช้งานได้ทุกระบบ
รายการนี้ยังไม่มีแท็ก
คุณยังไม่ได้ล็อกอิน คุณสามารถมีกิจกรรมร่วมกับเว็บไซต์ได้ แต่ต้องล็อกอินก่อน ::
  ล็อกอิน

รายการสื่อสารสนเทศ

ลำดับที่ ประเภท เลขเรียก/บาร์โค้ด สถานที่ สถานะ
- ไม่พบข้อมูล -

รายการใกล้เคียง
    ผู้แต่ง [เก้าแต้ม]

BibComment


ยังไม่เคยถูกคอมเมนท์

คอมเมนท์ทรัพยากรรายการนี้
  คอมเมนท์: มายาร้อยใจ เก้าแต้ม


 Copyright 2026. Bcnsprnw @Library